[Event "PRO League Group Stage"]
[Site "chess.com INT"]
[Date "2020.01.06"]
[Round "1"]
[White "Bitelmajer, Martin"]
[Black "Jones, Gawain C B"]
[Result "1-0"]
[WhiteTitle "IM"]
[BlackTitle "GM"]
[WhiteElo "2475"]
[BlackElo "2679"]
[WhiteTeam "Argentina Krakens"]
[BlackTeam "U.K. Lions"]
[WhiteFideId "111651"]
[BlackFideId "409561"]
[EventDate "2020.01.06"]

1. d4 Nf6 2. c4 g6 3. g3 c5 4. d5 b5 5. Bg2 bxc4 6. Nc3 Bg7 7. Nf3 O-O 8. O-O d6
9. e4 Bg4 10. h3 Bxf3 11. Bxf3 Nbd7 12. Bf4 Rb8 13. Rb1 Ne8 14. Be2 Ne5 15. Bxe5
Bxe5 16. Bxc4 Rb4 17. Bd3 Nf6 18. Qc2 Qd7 19. Kg2 Rfb8 20. Rfe1 c4 21. Bf1 Qb7
22. Nd1 c3 23. b3 Rc8 24. Bd3 h5 25. Ne3 h4 26. Nc4 hxg3 27. fxg3 Nd7 28. Rf1
Kg7 29. Na5 Qb6 30. Nc6 Rxc6 31. dxc6 Qxc6 32. Bc4 Nf6 33. Rbe1 Rxc4 34. bxc4
Qxc4 35. Re3 a5 36. g4 Nh7 37. h4 Nf6 38. Ref3 Nxg4 39. Rxf7+ Qxf7 40. Rxf7+
Kxf7 41. Kf3 Nf6 42. Ke3 Nd7 43. Qb3+ Kf6 44. Qg8 Nc5 45. Qf8+ Ke6 46. Qg8+ Kd7
47. Qc4 Kc6 48. a4 Kc7 49. Ke2 Kd8 50. Kd1 e6 51. Kc2 Ke7 52. Qb5 Bd4 53. Qxa5
Nxe4 54. Qb4 e5 55. Qb7+ Kf6 56. Qxe4 Kg7 57. a5 Kh6 58. a6 Kh5 59. Qxd4 exd4
60. a7 1-0

[Event "PRO League Group Stage"]
[Site "chess.com INT"]
[Date "2020.01.06"]
[Round "1"]
[White "Smirnov, Anton"]
[Black "Firouzja, Alireza"]
[Result "1/2-1/2"]
[WhiteTitle "GM"]
[BlackTitle "GM"]
[WhiteElo "2604"]
[BlackElo "2723"]
[WhiteTeam "California Unicorns"]
[BlackTeam "Canada Chessbrahs"]
[WhiteFideId "3208923"]
[BlackFideId "12573981"]
[EventDate "2020.01.06"]

1. e4 d5 2. exd5 Qxd5 3. Nc3 Qa5 4. d4 Nf6 5. Bc4 Bg4 6. f3 Bd7 7. Ne2 e6 8. O-O
b5 9. Bd3 c5 10. dxc5 Bxc5+ 11. Kh1 Bc6 12. Qe1 b4 13. Ne4 Bxe4 14. Bxe4 Nxe4
15. fxe4 Qb5 16. Rf3 Nc6 17. Rg3 Bd6 18. Rxg7 Qe5 19. Qg3 O-O-O 20. Bf4 Qxb2 21.
Rf1 Bxf4 22. Nxf4 Rd7 23. h3 Rhd8 24. Rxh7 Qxc2 25. Kh2 Qxe4 26. Rh4 Qc2 27. Rf2
Rd2 28. Rxd2 Qxd2 29. Rh7 Rd7 30. Qf3 Kc7 31. Nh5 Qd6+ 32. Ng3 f5 33. Rh6 Nd4
34. Qa8 Kb6 35. Rh8 Rg7 36. Qb8+ Qxb8 37. Rxb8+ Ka5 38. Nh5 Rd7 39. g4 Ka4 40.
Kg3 fxg4 41. hxg4 Ka3 42. Nf6 Rf7 43. g5 a5 44. Ra8 a4 45. Kg4 Rc7 46. g6 Rc2
47. Kf4 Nf5 48. Ne4 Rxa2 49. Nc5 Rf2+ 50. Ke5 Re2+ 51. Kf6 b3 52. Rxa4+ Kb2 53.
Rb4 Re3 54. Rxb3+ Rxb3 55. Nxb3 Kxb3 56. Kxe6 Ng7+ 57. Kf7 Nh5 58. g7 Nxg7 1/2-1/2

[Event "PRO League Group Stage"]
[Site "chess.com INT"]
[Date "2020.01.06"]
[Round "1"]
[White "Saric, Ivan"]
[Black "Naroditsky, Daniel"]
[Result "0-1"]
[WhiteTitle "GM"]
[BlackTitle "GM"]
[WhiteElo "2655"]
[BlackElo "2621"]
[WhiteTeam "Canada Chessbrahs"]
[BlackTeam "California Unicorns"]
[WhiteFideId "14508150"]
[BlackFideId "2026961"]
[EventDate "2020.01.06"]

1. e4 e5 2. Nf3 Nc6 3. Bb5 a6 4. Ba4 Nf6 5. O-O Be7 6. Re1 b5 7. Bb3 d6 8. c3
O-O 9. h3 Na5 10. Bc2 c5 11. d4 Qc7 12. Nbd2 cxd4 13. cxd4 Nc6 14. Nb3 a5 15.
Be3 a4 16. Nbd2 Bd7 17. Rc1 Qb7 18. Bb1 Rfe8 19. Qe2 Bd8 20. dxe5 Nxe5 21. Nxe5
dxe5 22. a3 h6 23. Nf3 b4 24. Bc5 bxa3 25. bxa3 Ba5 26. Red1 Bc6 27. Nd2 Bxd2
28. Rxd2 Bxe4 29. Rb2 Qd5 30. Ba2 Qd7 31. Rb6 Bg6 32. Be3 Rab8 33. Rd1 Qe7 0-1

[Event "PRO League Group Stage"]
[Site "chess.com INT"]
[Date "2020.01.06"]
[Round "1"]
[White "Fier, Alexandr"]
[Black "Robson, Ray"]
[Result "0-1"]
[WhiteTitle "GM"]
[BlackTitle "GM"]
[WhiteElo "2528"]
[BlackElo "2673"]
[WhiteTeam "Brazil Capybaras"]
[BlackTeam "Chicago Wind"]
[WhiteFideId "2107139"]
[BlackFideId "2023970"]
[EventDate "2020.01.06"]

1. d4 d5 2. c4 c6 3. Nc3 Nf6 4. e3 e6 5. Nf3 Nbd7 6. Qc2 Bd6 7. Bd3 O-O 8. O-O
e5 9. cxd5 cxd5 10. e4 dxe4 11. Nxe4 Nxe4 12. Bxe4 h6 13. Rd1 exd4 14. Nxd4 Nf6
15. Bf3 Qa5 16. Nc6 bxc6 17. Qxc6 Bg4 18. Qxd6 Bxf3 19. gxf3 Rad8 20. Bd2 Qb5
21. Qa3 Rd3 22. Qa5 Qd7 23. Rac1 Rd8 24. Rc2 Ne4 25. Be1 Rxd1 26. fxe4 Qg4+ 27.
Kf1 Rxe1+ 28. Qxe1 Rd1 0-1

[Event "PRO League Group Stage"]
[Site "chess.com INT"]
[Date "2020.01.06"]
[Round "1"]
[White "Perez Ponsa, Federico"]
[Black "McShane, Luke J"]
[Result "1-0"]
[WhiteTitle "GM"]
[BlackTitle "GM"]
[WhiteElo "2559"]
[BlackElo "2677"]
[WhiteTeam "Argentina Krakens"]
[BlackTeam "U.K. Lions"]
[WhiteFideId "117927"]
[BlackFideId "404853"]
[EventDate "2020.01.06"]

1. Nf3 c5 2. c4 b6 3. Nc3 Bb7 4. e4 e6 5. d4 cxd4 6. Nxd4 Nc6 7. Be2 Nf6 8. O-O
Nxd4 9. Qxd4 Bc5 10. Qd3 h5 11. Be3 Bxe3 12. Qxe3 Ng4 13. Qg3 Qb8 14. f4 Qd6 15.
Bxg4 hxg4 16. Qxg4 Qd4+ 17. Kh1 Bc6 18. Qe2 Ke7 19. Rad1 Qc5 20. Nd5+ Bxd5 21.
exd5 g6 22. f5 gxf5 23. Rxf5 Kf8 24. Rf3 Rh7 25. dxe6 dxe6 26. Qxe6 Re8 27. Qg4
Qd6 28. Rg3 Re3 29. Qg8+ Ke7 30. Rxe3+ 1-0

[Event "PRO League Group Stage"]
[Site "chess.com INT"]
[Date "2020.01.06"]
[Round "1"]
[White "Speelman, Jon S"]
[Black "Pichot, Alan"]
[Result "0-1"]
[WhiteTitle "GM"]
[BlackTitle "GM"]
[WhiteElo "2509"]
[BlackElo "2606"]
[WhiteTeam "U.K. Lions"]
[BlackTeam "Argentina Krakens"]
[WhiteFideId "400033"]
[BlackFideId "110973"]
[EventDate "2020.01.06"]

1. Nf3 Nf6 2. d4 g6 3. Bg5 Bg7 4. Nbd2 O-O 5. e3 d6 6. Be2 b6 7. O-O Bb7 8. a4
a6 9. c3 Nbd7 10. Ne1 e5 11. Bf3 c6 12. Nc4 e4 13. Be2 Qe7 14. Bf4 Ne8 15. h3 d5
16. Nd2 g5 17. Bh2 f5 18. a5 b5 19. b4 Nd6 20. Nb3 f4 21. Nc5 Nxc5 22. bxc5 Nc4
23. Nc2 Bc8 24. Nb4 Bd7 25. Bxc4 bxc4 26. f3 exf3 27. Rxf3 g4 28. Rxf4 Qxe3+ 0-1

[Event "PRO League Group Stage"]
[Site "chess.com INT"]
[Date "2020.01.06"]
[Round "1"]
[White "Berchtenbreiter, Maximilian"]
[Black "Flores, Diego"]
[Result "0-1"]
[WhiteTitle "IM"]
[BlackTitle "GM"]
[WhiteElo "2488"]
[BlackElo "2599"]
[WhiteTeam "U.K. Lions"]
[BlackTeam "Argentina Krakens"]
[WhiteFideId "24641120"]
[BlackFideId "108049"]
[EventDate "2020.01.06"]

1. e4 c5 2. Nf3 e6 3. d4 cxd4 4. Nxd4 a6 5. Nc3 b5 6. Bd3 Qb6 7. Nb3 Qc7 8. O-O
d6 9. Qe2 Nf6 10. f4 Nbd7 11. Bd2 b4 12. Nd1 Bb7 13. c3 d5 14. exd5 Nxd5 15. c4
N5f6 16. Ne3 Be7 17. Rac1 Nc5 18. Nxc5 Bxc5 19. a3 bxa3 20. b4 Bd4 21. Kh1 O-O
22. c5 Rfd8 23. Bb1 Bc6 24. Rfd1 Bb2 25. Rc2 Be4 26. Nc4 a2 27. Bxa2 Bxc2 28.
Nxb2 Bxd1 29. Qxd1 a5 0-1

[Event "PRO League Group Stage"]
[Site "chess.com INT"]
[Date "2020.01.06"]
[Round "1"]
[White "Diamant, Andre"]
[Black "Nyzhnyk, Illya"]
[Result "1/2-1/2"]
[WhiteTitle "GM"]
[BlackTitle "GM"]
[WhiteElo "2547"]
[BlackElo "2662"]
[WhiteTeam "Brazil Capybaras"]
[BlackTeam "Chicago Wind"]
[WhiteFideId "2108356"]
[BlackFideId "14118084"]
[EventDate "2020.01.06"]

1. c4 e6 2. g3 Nf6 3. Bg2 d5 4. Nf3 dxc4 5. Qa4+ Bd7 6. Qxc4 c5 7. Ne5 Qc8 8.
O-O Nc6 9. Nxd7 Qxd7 10. Nc3 Be7 11. d3 Rc8 12. Be3 O-O 13. Qa4 Rfd8 14. Rac1 a6
15. Ne4 Nd4 16. Nxf6+ Bxf6 17. Qd1 b5 18. Bxd4 Bxd4 19. Qc2 c4 20. dxc4 Rxc4 21.
Qb1 g6 22. e3 Bf6 23. Bf3 Qc7 24. b3 Rc3 25. Rxc3 Qxc3 26. Rc1 Qb4 27. Rd1 Rd2
28. Rxd2 Qxd2 29. a4 1/2-1/2

[Event "PRO League Group Stage"]
[Site "chess.com INT"]
[Date "2020.01.06"]
[Round "1"]
[White "Bruzon Batista, Lazaro"]
[Black "Mekhitarian, Krikor Sevag"]
[Result "1-0"]
[WhiteTitle "GM"]
[BlackTitle "GM"]
[WhiteElo "2640"]
[BlackElo "2563"]
[WhiteTeam "Chicago Wind"]
[BlackTeam "Brazil Capybaras"]
[WhiteFideId "3503739"]
[BlackFideId "2107660"]
[EventDate "2020.01.06"]

1. Nf3 d5 2. g3 g6 3. Bg2 Bg7 4. d4 Nd7 5. O-O Ngf6 6. c4 dxc4 7. Na3 Nb6 8. Ne5
O-O 9. Naxc4 Nxc4 10. Nxc4 Nd5 11. e3 c5 12. dxc5 Be6 13. Bd2 Rc8 14. Rc1 Rxc5
15. b3 b5 16. Na5 Nc3 17. Bxc3 Rxc3 18. Nc6 Qc7 19. Rxc3 Bxc3 20. Qd3 b4 21. Rd1
Kg7 22. h3 Bxh3 23. Nxb4 Bxg2 24. Kxg2 Bxb4 25. Qd4+ Kg8 26. Qxb4 Rb8 27. Qe4
Qb7 28. Kf3 Kg7 29. Rd5 e6 30. Ra5 Qxe4+ 31. Kxe4 Rb7 32. Ke5 h5 33. Kd6 Kf6 34.
f4 Kg7 35. Kc6 Re7 36. b4 f6 37. a4 Kf7 38. Kd6 Rb7 39. Kc6 Re7 40. Rc5 e5 41.
b5 g5 42. f5 Kg7 43. Kd6 Rf7 44. Rc4 Rf8 45. a5 Rd8+ 46. Kc7 Rd3 47. Kb7 Rb3 48.
Rc5 Rxe3 49. Kxa7 h4 50. gxh4 gxh4 51. b6 h3 52. b7 Rb3 53. b8=Q Rxb8 54. Kxb8
Kh6 55. a6 1-0

[Event "PRO League Group Stage"]
[Site "chess.com INT"]
[Date "2020.01.06"]
[Round "1"]
[White "Shimanov, Aleksandr"]
[Black "Supi, Luis Paulo"]
[Result "1/2-1/2"]
[WhiteTitle "GM"]
[BlackTitle "GM"]
[WhiteElo "2587"]
[BlackElo "2577"]
[WhiteTeam "Chicago Wind"]
[BlackTeam "Brazil Capybaras"]
[WhiteFideId "4198603"]
[BlackFideId "2106388"]
[EventDate "2020.01.06"]

1. Nf3 Nf6 2. c4 b6 3. Nc3 Bb7 4. d4 e6 5. a3 d5 6. Qa4+ Qd7 7. Qc2 dxc4 8. e4
b5 9. Be3 a6 10. Rd1 Be7 11. Be2 O-O 12. O-O Rd8 13. Ne5 Qe8 14. f4 c5 15. dxc5
Nc6 16. Ng4 Qf8 17. Nxf6+ gxf6 18. Bh5 Bxc5 19. Qf2 Bxe3 20. Qxe3 Rxd1 21. Nxd1
Qd6 22. Nf2 Qd4 23. Qg3+ Kh8 24. Bxf7 Rf8 25. Bxe6 Qxb2 26. Bd5 Nd4 27. Qe3 Bxd5
28. exd5 Rg8 29. d6 Qd2 30. Qe7 Qxf4 31. g3 Qf3 32. Re1 Qf5 33. d7 Nf3+ 34. Kf1
Nxh2+ 35. Ke2 Qc2+ 36. Ke3 Qc3+ 37. Ke2 Qf3+ 38. Kd2 Qxf2+ 39. Kc1 Qd4 40. Rd1
Qc3+ 41. Kb1 Qb3+ 42. Kc1 Qc3+ 43. Kb1 Qb3+ 44. Kc1 Qc3+ 1/2-1/2

[Event "PRO League Group Stage"]
[Site "chess.com INT"]
[Date "2020.01.06"]
[Round "1"]
[White "Jones, Gawain C B"]
[Black "Perez Ponsa, Federico"]
[Result "1-0"]
[WhiteTitle "GM"]
[BlackTitle "GM"]
[WhiteElo "2679"]
[BlackElo "2559"]
[WhiteTeam "U.K. Lions"]
[BlackTeam "Argentina Krakens"]
[WhiteFideId "409561"]
[BlackFideId "117927"]
[EventDate "2020.01.06"]

1. e4 c6 2. d4 d5 3. e5 Bf5 4. h4 h5 5. Bd3 Bxd3 6. Qxd3 Qa5+ 7. Nd2 e6 8. Nf3
Ne7 9. O-O Nf5 10. c4 Be7 11. g3 Nd7 12. Rd1 Rd8 13. Qc2 dxc4 14. Nxc4 Qd5 15.
Qe2 Nb6 16. b3 O-O 17. Bg5 Bxg5 18. Nxg5 g6 19. Ne4 Kg7 20. Ncd6 Nxd4 21. Qe3 c5
22. Rac1 Nd7 23. Rxc5 Nxc5 24. Rxd4 Nxe4 25. Rxd5 exd5 26. Nxe4 dxe4 27. Qxe4
Rd7 28. Qa4 Re7 29. Qxa7 Rd8 30. Qc5 Rde8 31. Qb5 Rd8 32. Kg2 Ra8 33. a4 Ra6 34.
Qc5 Rae6 35. Qc3 Kh7 36. f4 Rc6 37. Qd3 Kg7 38. Kh3 Rce6 39. a5 Kg8 40. b4 Kg7
41. b5 Kg8 42. Qc4 Kg7 43. Qc8 f6 44. exf6+ Rxf6 45. b6 Rff7 46. Qc3+ Kh7 47.
Qa3 Rd7 48. Qa2 Kg7 49. a6 bxa6 50. Qxa6 Rb7 51. Kg2 Kh7 52. Kf3 Rbe7 53. Qc8
Kg7 54. g4 hxg4+ 55. Kxg4 Re4 56. Qc3+ Kh7 57. Qd2 Re6 58. Qd5 Ref6 59. b7 Rxf4+
60. Kg3 Rf8 61. b8=Q Rxb8 62. Kxf4 Rf8+ 63. Kg4 Rf5 64. Qd7+ Kg8 65. Qe7 Kh8 66.
Qe8+ Kg7 67. Kg3 Kh7 68. h5 Rxh5 69. Qf7+ Kh6 70. Qg8 Rg5+ 71. Kf4 Rf5+ 72. Ke4
Kg5 73. Qg7 Kh5 74. Qh8+ Kg5 75. Ke3 Rf7 76. Kd4 Rf5 77. Ke4 Rf7 78. Ke5 Re7+
79. Kd6 Rf7 80. Ke6 Rf5 81. Qh1 Rf6+ 82. Ke7 Rf5 83. Qh2 Rf4 84. Qg3+ Kf5 85.
Kf7 g5 86. Kg7 g4 87. Qd3+ Kg5 88. Qe3 Kf5 89. Kh6 Re4 90. Qf2+ Ke5 91. Kg5 Kd5
92. Kf5 Rd4 93. Qc2 Rc4 94. Qg2+ Kc5 95. Ke5 Kb4 96. Qb2+ Kc5 97. Qf2+ Kb4 98.
Kd5 Rc3 99. Qd4+ Kb3 100. Qxg4 Rd3+ 101. Kc5 Rc3+ 102. Kb5 Kb2 103. Qd4 Kb3 104.
Qd5+ Kc2 105. Kb4 Rd3 106. Qa2+ Kd1 107. Qg2 Re3 108. Kc4 Ke1 109. Kd4 Re8 110.
Qg1+ Kd2 111. Qg5+ Ke1 112. Kd3 Re6 113. Qg1# 1-0

[Event "PRO League Group Stage"]
[Site "chess.com INT"]
[Date "2020.01.06"]
[Round "1"]
[White "McShane, Luke J"]
[Black "Bitelmajer, Martin"]
[Result "1-0"]
[WhiteTitle "GM"]
[BlackTitle "IM"]
[WhiteElo "2677"]
[BlackElo "2475"]
[WhiteTeam "U.K. Lions"]
[BlackTeam "Argentina Krakens"]
[WhiteFideId "404853"]
[BlackFideId "111651"]
[EventDate "2020.01.06"]

1. c4 c5 2. Nc3 g6 3. g3 Bg7 4. Bg2 Nc6 5. b3 e6 6. e3 Nge7 7. Ba3 d6 8. Nge2
O-O 9. O-O b6 10. d4 Bb7 11. Qd2 Nf5 12. d5 exd5 13. Nxd5 Bxa1 14. Rxa1 Rb8 15.
Bb2 f6 16. Nef4 Ng7 17. Rd1 Ne5 18. h4 Rf7 19. Ne2 Qf8 20. Nec3 g5 21. hxg5 fxg5
22. Ne4 g4 23. Ng5 Rf5 24. e4 Rxg5 25. Qxg5 Bxd5 26. Bxe5 dxe5 27. cxd5 Qd6 28.
Qxg4 b5 29. Bh3 c4 30. bxc4 bxc4 31. Rc1 Qc5 32. Qe2 c3 33. Qe3 Qd4 34. Rxc3
Rb1+ 35. Kh2 Qd1 36. Rc8+ Kf7 37. Qxa7+ Kg6 38. Rc6+ Kh5 39. Qf7+ 1-0

[Event "PRO League Group Stage"]
[Site "chess.com INT"]
[Date "2020.01.06"]
[Round "1"]
[White "Flores, Diego"]
[Black "Speelman, Jon S"]
[Result "1-0"]
[WhiteTitle "GM"]
[BlackTitle "GM"]
[WhiteElo "2599"]
[BlackElo "2509"]
[WhiteTeam "Argentina Krakens"]
[BlackTeam "U.K. Lions"]
[WhiteFideId "108049"]
[BlackFideId "400033"]
[EventDate "2020.01.06"]

1. c4 b6 2. Nc3 e6 3. d4 Bb4 4. e3 Bb7 5. Ne2 f5 6. a3 Bd6 7. d5 Nf6 8. g3 Na6
9. b4 c6 10. dxe6 dxe6 11. Bg2 Qe7 12. O-O O-O 13. Nd4 Rfc8 14. Bb2 Rab8 15. Qa4
c5 16. Bxb7 Qxb7 17. Nxe6 cxb4 18. axb4 Nxb4 19. Rfd1 Be7 20. Nd5 Rxc4 21. Nxf6+
Bxf6 22. Bxf6 gxf6 23. Rd7 Qc6 24. Rg7+ Kh8 25. Qxa7 1-0

[Event "PRO League Group Stage"]
[Site "chess.com INT"]
[Date "2020.01.06"]
[Round "1"]
[White "Pichot, Alan"]
[Black "Berchtenbreiter, Maximilian"]
[Result "1/2-1/2"]
[WhiteTitle "GM"]
[BlackTitle "IM"]
[WhiteElo "2606"]
[BlackElo "2488"]
[WhiteTeam "Argentina Krakens"]
[BlackTeam "U.K. Lions"]
[WhiteFideId "110973"]
[BlackFideId "24641120"]
[EventDate "2020.01.06"]

1. e4 c6 2. Nf3 d5 3. Nc3 g6 4. d4 dxe4 5. Nxe4 Bg7 6. Bc4 Nf6 7. Nxf6+ exf6 8.
O-O O-O 9. Bf4 a5 10. a4 Na6 11. c3 Nc7 12. Qb3 Nd5 13. Bg3 b6 14. Rfe1 Be6 15.
Nd2 Re8 16. h3 Bf8 17. Qd1 Kg7 18. Qf3 Bd6 19. Ne4 Bxg3 20. Qxg3 h6 21. Nd6 Rg8
22. h4 f5 23. Bxd5 cxd5 24. Nb5 Rc8 25. Qf4 Qf6 26. f3 g5 27. hxg5 hxg5 28. Qe5
Rh8 29. Kf2 Rh4 30. Ra3 Qxe5 31. dxe5 Bd7 32. Nd4 Rc4 33. Rb3 Rh6 34. e6 Bxe6
35. Rxb6 Rxa4 36. Rb7 Kf8 37. Re5 Rf6 38. f4 gxf4 39. Re1 Ra2 40. Kf3 a4 41.
Kxf4 a3 42. Re2 axb2 43. Rbxb2 Ra1 44. Rb6 Rf1+ 45. Ke5 Kg7 46. Nxe6+ fxe6 47.
Rxe6 Rxe6+ 48. Kxe6 Rd1 49. Ke5 Rd3 50. Kxf5 Rxc3 51. g4 d4 52. Re7+ Kf8 53. Rd7
Rf3+ 54. Kg6 d3 55. g5 Ke8 56. Rd4 Ke7 57. Kh7 Rh3+ 58. Kg7 Ke6 59. g6 Ke5 60.
Rd8 Ke4 61. Kf7 Rf3+ 62. Kg8 Ke3 63. Re8+ Kf2 64. g7 d2 65. Rd8 Ke1 66. Rxd2
Kxd2 67. Kh8 Rh3+ 68. Kg8 Rg3 69. Kf8 Rxg7 70. Kxg7 1/2-1/2

[Event "PRO League Group Stage"]
[Site "chess.com INT"]
[Date "2020.01.06"]
[Round "1"]
[White "Robson, Ray"]
[Black "Diamant, Andre"]
[Result "1-0"]
[WhiteTitle "GM"]
[BlackTitle "GM"]
[WhiteElo "2673"]
[BlackElo "2547"]
[WhiteTeam "Chicago Wind"]
[BlackTeam "Brazil Capybaras"]
[WhiteFideId "2023970"]
[BlackFideId "2108356"]
[EventDate "2020.01.06"]

1. e4 c5 2. Nf3 Nc6 3. d4 cxd4 4. Nxd4 Nf6 5. Nc3 d6 6. Bg5 Bd7 7. Qd2 Rc8 8.
O-O-O Nxd4 9. Qxd4 Qa5 10. f4 h6 11. Bxf6 gxf6 12. Kb1 Qc5 13. Qd3 Bg7 14. f5 h5
15. Be2 Bh6 16. Rhf1 h4 17. Nd5 a6 18. e5 fxe5 19. Qe4 Bc6 20. Bc4 b5 21. Bb3 a5
22. Qxh4 Bxd5 23. Rxd5 Qc6 24. a4 b4 25. Rfd1 Bg7 26. Qg3 Kf8 27. Rxa5 Bh6 28.
Qf2 Bg5 29. g3 Bf6 30. Rb5 e4 31. Rxb4 e3 32. Qe2 Bg5 33. h4 Bh6 34. Qh5 Rh7 35.
Qe2 Rh8 36. g4 Bg7 37. g5 Be5 38. Qxe3 Qc5 39. Qxc5 dxc5 40. Re4 Bg3 41. Rd7
Bxh4 42. Rexe7 c4 43. Rxf7+ Ke8 44. Bxc4 Rxc4 45. b3 Rc8 46. g6 Bg5 47. g7 Rh1+
48. Kb2 Bc1+ 49. Ka2 Rxc2+ 50. Kb1 Rb2+ 51. Ka1 Bf4+ 52. Kxb2 Be5+ 53. Kc2 1-0

[Event "PRO League Group Stage"]
[Site "chess.com INT"]
[Date "2020.01.06"]
[Round "1"]
[White "Nyzhnyk, Illya"]
[Black "Fier, Alexandr"]
[Result "1/2-1/2"]
[WhiteTitle "GM"]
[BlackTitle "GM"]
[WhiteElo "2662"]
[BlackElo "2528"]
[WhiteTeam "Chicago Wind"]
[BlackTeam "Brazil Capybaras"]
[WhiteFideId "14118084"]
[BlackFideId "2107139"]
[EventDate "2020.01.06"]

1. d4 Nf6 2. Nf3 g6 3. g3 Bg7 4. Bg2 d5 5. O-O O-O 6. b3 c6 7. Bb2 a5 8. Nc3 Bf5
9. Nh4 Be6 10. Re1 Nbd7 11. Qd2 b5 12. f3 Qb6 13. Rad1 c5 14. a4 b4 15. Nb5 c4
16. Bc1 c3 17. Qd3 Ne5 18. Qe3 Nc6 19. Qf2 Rad8 20. h3 Bc8 21. e4 e6 22. e5 Ne8
23. f4 f5 24. g4 Ne7 25. Nf3 Ba6 26. Bf1 Bh6 27. Qh4 fxg4 28. hxg4 Bxf4 29. Ng5
Bxg5 30. Bxg5 Nc6 31. Bxd8 Nxd8 32. Qe7 Ng7 33. Qc7 Qxc7 34. Nxc7 Bc8 35. Be2
Ne8 36. Nxe8 Rxe8 37. Rf1 Rf8 38. Rf6 Rxf6 39. exf6 g5 40. Kf2 Kf7 41. Rh1 Kxf6
42. Rxh7 Nf7 43. Ke3 Kg6 44. Bd3+ Kf6 45. Bb5 Kg6 46. Rh1 Kf6 47. Be8 Nd6 48.
Bh5 Ba6 49. Rh2 Kg7 50. Rg2 Bb7 51. Rf2 Ba6 52. Rf3 Bb7 53. Kf2 Ba6 54. Re3 Kf6
55. Re5 Bc8 56. Kf3 Bd7 57. Re1 Bc8 58. Ke3 Bd7 59. Rf1+ Kg7 60. Kf3 Bc8 61. Re1
Bd7 62. Re5 Kf6 63. Ke3 Bc8 64. Kf2 Bd7 65. Kf3 Bc8 66. Re1 Bd7 67. Ke3 1/2-1/2

[Event "PRO League Group Stage"]
[Site "chess.com INT"]
[Date "2020.01.06"]
[Round "1"]
[White "Supi, Luis Paulo"]
[Black "Bruzon Batista, Lazaro"]
[Result "1-0"]
[WhiteTitle "GM"]
[BlackTitle "GM"]
[WhiteElo "2577"]
[BlackElo "2640"]
[WhiteTeam "Brazil Capybaras"]
[BlackTeam "Chicago Wind"]
[WhiteFideId "2106388"]
[BlackFideId "3503739"]
[EventDate "2020.01.06"]

1. e4 e5 2. Nf3 Nc6 3. Bc4 Bc5 4. O-O Nf6 5. d3 d6 6. c3 a6 7. a4 Ba7 8. Nbd2
O-O 9. h3 h6 10. Re1 Be6 11. Bxe6 fxe6 12. b4 Nh5 13. Nf1 Qe8 14. Be3 Bxe3 15.
Rxe3 Nf4 16. Kh2 Qh5 17. b5 Ne7 18. d4 exd4 19. Ng3 Qf7 20. cxd4 Neg6 21. Rc3
Qf6 22. bxa6 Rxa6 23. Rxc7 Rb6 24. Ra2 Kh8 25. Ne1 Nh4 26. Rac2 Rc6 27. R7xc6
bxc6 28. e5 dxe5 29. dxe5 Qxe5 30. Nf3 Nxf3+ 31. Qxf3 c5 32. a5 h5 33. Qe4 Qd6
34. h4 Nd5 35. Qc4 Nf6 36. f3 Nd7 37. Kh3 Ra8 38. Ne4 Qd1 39. Rc1 Qd5 40. Qxd5
exd5 41. Nxc5 Nf6 42. a6 Kg8 43. Rb1 d4 44. Rd1 Rc8 45. a7 Ra8 46. Ra1 Nd5 47.
Ra4 Nb6 48. Rb4 Nd7 49. Nxd7 Rxa7 50. Rxd4 Kf7 51. Ne5+ Ke6 52. Nd3 g6 53. Kg3
Kf6 54. Nf4 Ra6 55. Rb4 Rd6 56. Rb6 1-0

[Event "PRO League Group Stage"]
[Site "chess.com INT"]
[Date "2020.01.06"]
[Round "1"]
[White "Mekhitarian, Krikor Sevag"]
[Black "Shimanov, Aleksandr"]
[Result "0-1"]
[WhiteTitle "GM"]
[BlackTitle "GM"]
[WhiteElo "2563"]
[BlackElo "2587"]
[WhiteTeam "Brazil Capybaras"]
[BlackTeam "Chicago Wind"]
[WhiteFideId "2107660"]
[BlackFideId "4198603"]
[EventDate "2020.01.06"]

1. Nf3 Nf6 2. c4 c5 3. Nc3 Nc6 4. d4 cxd4 5. Nxd4 e6 6. a3 Be7 7. e4 O-O 8. Nf3
Qc7 9. Be2 b6 10. O-O Bb7 11. Bg5 Rfd8 12. Bh4 a6 13. Bg3 d6 14. Rc1 Ne5 15. Nd2
Ng6 16. b4 Rac8 17. Re1 Qb8 18. Bf1 Qa8 19. h3 Nd7 20. Qb3 Bg5 21. Rcd1 Nde5 22.
f3 Qb8 23. Bf2 Ba8 24. Na4 Nd7 25. g3 b5 26. cxb5 axb5 27. Nc3 Bc6 28. f4 Bf6
29. Rc1 Qb7 30. Bd3 d5 31. exd5 exd5 32. Nf3 d4 33. Ne4 Bd5 34. Qb1 Rc4 35.
Nxf6+ Nxf6 36. Nxd4 Bh1 37. Bf1 Rcxd4 38. Bxd4 Rxd4 39. Qf5 h5 40. Qc8+ Kh7 41.
Qxb7 Bxb7 42. Rc7 Bd5 43. Bxb5 h4 44. gxh4 Nxf4 45. Kf2 Ne6 46. Rxf7 Rf4+ 47.
Kg1 Nd4 48. Be2 Bxf7 0-1

[Event "PRO League Group Stage"]
[Site "chess.com INT"]
[Date "2020.01.06"]
[Round "1"]
[White "Firouzja, Alireza"]
[Black "Zierk, Steven"]
[Result "1-0"]
[WhiteTitle "GM"]
[BlackTitle "GM"]
[WhiteElo "2723"]
[BlackElo "2509"]
[WhiteTeam "Canada Chessbrahs"]
[BlackTeam "California Unicorns"]
[WhiteFideId "12573981"]
[BlackFideId "2034255"]
[EventDate "2020.01.06"]

1. Nf3 Nf6 2. d3 c5 3. e4 Nc6 4. c3 g6 5. Be3 d6 6. h3 c4 7. Nbd2 cxd3 8. Bxd3
Bg7 9. O-O d5 10. Re1 dxe4 11. Nxe4 O-O 12. Nxf6+ exf6 13. Bc5 Re8 14. Bc4 Be6
15. Bxe6 fxe6 16. Qb3 Qd5 17. Qxd5 exd5 18. Rad1 Rxe1+ 19. Nxe1 Rd8 20. Nc2 Bf8
21. Be3 a6 22. Bb6 Rd7 23. Ne3 d4 24. Bxd4 Nxd4 25. Rxd4 Rd5 26. Rxd5 1-0

[Event "PRO League Group Stage"]
[Site "chess.com INT"]
[Date "2020.01.06"]
[Round "1"]
[White "Sarana, Alexey"]
[Black "Saric, Ivan"]
[Result "0-1"]
[WhiteTitle "GM"]
[BlackTitle "GM"]
[WhiteElo "2656"]
[BlackElo "2655"]
[WhiteTeam "California Unicorns"]
[BlackTeam "Canada Chessbrahs"]
[WhiteFideId "24133795"]
[BlackFideId "14508150"]
[EventDate "2020.01.06"]

1. d4 Nf6 2. c4 g6 3. Nc3 Bg7 4. e4 d6 5. Nf3 O-O 6. Be2 e5 7. O-O Nc6 8. d5 Ne7
9. Bg5 h6 10. Bd2 Nd7 11. Qc1 g5 12. h4 f6 13. Be3 Ng6 14. g3 a5 15. h5 Ne7 16.
Ne1 f5 17. exf5 Nxf5 18. Ne4 Nf6 19. Nxf6+ Qxf6 20. Ng2 e4 21. Rb1 Bd7 22. b3
Rae8 23. Qd2 b6 24. Bg4 Nh4 25. f4 Bxg4 26. gxh4 gxh4 27. Qf2 h3 28. Nh4 Bxh5
29. Kh2 Bg4 30. Rg1 h5 31. Rxg4 hxg4 32. Rg1 Qb2 33. Qxb2 Bxb2 34. Rxg4+ Kf7 35.
f5 Rh8 36. Ng6 Rh5 37. Nf4 Be5 0-1